El mar en la literatura chilena

Saved in:
Bibliografiske detaljer
Hovedforfatter: Montecinos Caro, Manuel (autor)
Format: Bog
Sprog:spansk
Udgivet: Santiago Del Pacífico 1958
Serier:Colección Studium
Fag:
Tags: Tilføj Tag
Ingen Tags, Vær først til at tagge denne postø!

MARC

LEADER 00000cam a2200000 a 4500
001 UCZ8338
003 CL-VaPUC
005 20240924105138.0
008 960119e19580000CL |||||||||||||||||spa|d
999 |c 244267  |d 244265 
040 |c Pontificia Universidad Católica de Valparaíso 
082 0 4 |a Ch860.9  |b MON  |2 21 
100 |a Montecinos Caro, Manuel  |e autor  |9 545172 
245 1 3 |a El mar en la literatura chilena 
260 |a Santiago  |b Del Pacífico  |c 1958 
300 |a 240 p 
490 0 |a Colección Studium 
583 |a last modification  |c 20141113 01:41:20  |k Rodrigo Vera 
600 0 7 |a REYES, SALVADOR  |2 CL-VaPUC  |9 352822 
600 0 7 |a CASTRO, OSCAR  |2 CL-VaPUC  |9 330530 
600 0 |a Neruda, Pablo,  |d 1904-1973  |e autor  |9 471955 
600 0 7 |a COLOANE, FRANCISCO  |2 CL-VaPUC  |9 345716 
600 0 7 |a ROJAS, MANUEL  |2 CL-VaPUC  |9 313776 
600 0 |a Latorre Court, Mariano  |e author  |9 611032 
600 0 7 |a PRADO, PEDRO  |2 CL-VaPUC  |9 315575 
600 0 |a Lillo, Baldomero,  |d 1867-1923  |9 860665 
650 0 |a Literatura chilena   |9 308278 
650 0 |a Poesía chilena   |9 268403 
650 0 |a Novela chilena   |9 307631 
942 |c BK  |2 ddc 
945 |d 19960119 00:00:00  |a mcarcey 
952 |0 0  |1 0  |4 0  |6 CH_860_900000000000000_MON_1958  |7 0  |8 A  |9 258269  |a BIBEDU  |b BIBEDU  |d 2019-11-19  |i 317056K  |o Ch860.9 MON 1958  |p 317056K  |r 2019-11-19  |w 2019-11-19  |y BK  |k LIT 
952 |0 0  |1 0  |3 erb  |4 0  |6 CH_860_900000000000000_MON_1958  |7 0  |8 X  |9 258270  |a FDOBUD  |b FDOBUD  |i 5107687  |o Ch860.9 MON 1958  |p 5107687  |r 2019-11-19  |w 2019-11-19  |y BK_X  |z Catalogado en:20141113  |k BUD